The art of valuing rents and tillages and claims of tenants upon quitting farms at both Michaelmas and Lady-day (Record no. 113939)

MARC details
000 -LEADER
fixed length control field 01089cam a22002175a 4500
001 - CONTROL NUMBER
control field L155952
008 - FIXED-LENGTH DATA ELEMENTS--GENERAL INFORMATION
fixed length control field 120423s1864 xxk f 000 0 eng d
035 ## - SYSTEM CONTROL NUMBER
System control number (Sirsi) u155952
041 0# - LANGUAGE CODE
Language code of text/sound track or separate title eng
100 1# - MAIN ENTRY--PERSONAL NAME
Personal name Bayldon, J. S.
245 04 - TITLE STATEMENT
Title The art of valuing rents and tillages and claims of tenants upon quitting farms at both Michaelmas and Lady-day
Statement of responsibility, etc. As originally written by Mr. Bayldon and ed. by Mr. Robert Baker
250 ## - EDITION STATEMENT
Edition statement The 8th ed
Remainder of edition statement adapted to the present time, and describing the principles and mode of valuing freehold, copyhold, and leasehold estates, and land and other property for parochial assessment and enfranchisement of copyholds under the recent acts of Parliament relating thereto. By J. Chalmers Morton
260 ## - PUBLICATION, DISTRIBUTION, ETC.
Place of publication, distribution, etc. London
Name of publisher, distributor, etc. Longman, Green, Longman, Roberts, & Green
Date of publication, distribution, etc. 1864
300 ## - PHYSICAL DESCRIPTION
Extent xix, 376 p. incl. front. (plan)
Dimensions 22 cm.
583 ## - ACTION NOTE
Action Condition reviewed
Time/date of action 20120620
Status condition level 4
651 #4 - SUBJECT ADDED ENTRY--GEOGRAPHIC NAME
Geographic name Great Britain
Chronological subdivision 1707-
690 ## - LOCAL SUBJECT ADDED ENTRY--TOPICAL TERM (OCLC, RLIN)
Topical term or geographic name as entry element Valuation
9 (RLIN) 6273
700 1# - ADDED ENTRY--PERSONAL NAME
Personal name Baker, Robert
Dates associated with a name 1793-1859
700 1# - ADDED ENTRY--PERSONAL NAME
Personal name Morton, John Chalmers
Dates associated with a name 1821-1888
942 ## - ADDED ENTRY ELEMENTS (KOHA)
Suppress in OPAC 0
Holdings
Withdrawn status Lost status Damaged status Not for loan Home library Current library Shelving location Date acquired Total Checkouts Full call number Barcode Date last seen Copy number Price effective from Koha item type
        Historic collection Historic collection Historic collection 23/04/2012   PRICE OCTAVO 1864 BAYLDON 30077237 20/08/2025 1 06/08/2019 Book